000 00842nam a22002897a 4500
003 CHAP
005 20220329135022.0
008 971013s1895 r 00010 d
010 _a29644
011 _a30616
035 _a34728
040 _cCHAP
082 _a581.972
_bC65
100 0 0 _aConzatti, Cassiano.
_927674
245 _aFlora sinóptica mexicana
260 _aOaxaca :
_bL. San Germán,
_c1895
300 _a225 p.
590 _aBATCH-UPD
_b10
_c20130110
_lUCH01
_h1041
590 _aBATCH-UPD
_b10
_c20130410
_lUCH01
_h0641
590 _aBATCH-UPD
_b10
_c20130914
_lUCH01
_h0730
590 _aCONVERSION
_b10
_c20130109
_lUCH01
_h1317
650 1 4 _aBotánica
_zMéxico.
_914641
700 0 _aSmith, C. Lucio.
_9106965
901 _aBK
942 _cLIBRO
949 _a581.972 C65
_bBC
_cLIBRO
_d33724000450086
_eLIBRO
_h9663
_i34728
_si
999 _c29644
_d29644